Zdravotné stredisko
Na minha lista:
| Autor principal: | |
|---|---|
| Outros Autores: | |
| Formato: | Manuscrito Livro |
| Idioma: | eslovaco |
| Publicado em: |
2018
|
| Assuntos: | |
| Acesso em linha: | http://is.stuba.sk/zp/portal_zp.pl?podrobnosti=138397 https://opac.crzp.sk/?fn=detailBiblioForm&sid=7748F8ABF7A423EAE572DC3BD0B0 |
| Tags: |
Sem tags, seja o primeiro a adicionar uma tag!
|
MARC
| LEADER | 00000ntm a22000003a 4500 | ||
|---|---|---|---|
| 001 | stuzp68578 | ||
| 003 | SK-STU | ||
| 005 | 20230619135243.7 | ||
| 007 | ta | ||
| 008 | 150427s2015----xo-----f-mn---000-0-slo-d | ||
| 040 | |a STU |b slo | ||
| 041 | 0 | |a slo | |
| 100 | 1 | |a Grich, Kristián |u 010180 |4 aut |U SvF Stavebná fakulta |T SvF Katedra konštrukcií pozemných stavieb |X 55479 |U V180 |Y 18 |7 55479 | |
| 242 | 0 | 1 | |a Health Center |y eng |
| 245 | 1 | 0 | |a Zdravotné stredisko |
| 260 | |c 2018 | ||
| 650 | 4 | |a Zdravotné stredisko |2 slo | |
| 650 | 4 | |a Lendak |2 slo | |
| 650 | 4 | |a Ambulancia |2 slo | |
| 650 | 4 | |a Objekt |2 slo | |
| 650 | 4 | |a Tatranský profil |2 slo | |
| 650 | 4 | |a Lendak |2 eng | |
| 650 | 4 | |a Tatra Profile |2 eng | |
| 650 | 4 | |a Ambulance |2 eng | |
| 650 | 4 | |a Health Center |2 eng | |
| 650 | 4 | |a Object |2 eng | |
| 700 | 1 | |a Buday, Peter |u 010180 |k Z1 |4 ths |U SvF Stavebná fakulta |T SvF Katedra konštrukcií pozemných stavieb |X 962 |U V180 |Y 18 |7 A000000962 | |
| 856 | 4 | |u http://is.stuba.sk/zp/portal_zp.pl?podrobnosti=138397 | |
| 856 | 4 | |u https://opac.crzp.sk/?fn=detailBiblioForm&sid=7748F8ABF7A423EAE572DC3BD0B0 | |